[Event "Titled Tuesday intern op 19th Dec Early"]
[Site "Chess.com INT"]
[Date "2023.12.19"]
[Round "1"]
[White "Mahdavi, Reza"]
[Black "Chojnacki, Slawomir"]
[Result "0-1"]
[WhiteElo "2312"]
[BlackElo "2201"]
[PlyCount "68"]
[EventDate "2023.12.19"]
[EventType "swiss (blitz)"]
[EventRounds "11"]
[EventCountry "USA"]
[SourceTitle "CB52_2023"]
[SourceDate "2023.12.27"]
[SourceVersion "1"]
[SourceVersionDate "2023.12.27"]
[SourceQuality "1"]

1. e4 c6 2. d4 d5 3. e5 Bf5 4. Nc3 e6 5. g4 Bg6 6. Nge2 h5 7. Nf4 Ne7 8. Nxg6 Nxg6 9. gxh5 Nh4 10. Bd3 Ng2+ 11. Kf1 Nh4 12. Qg4 Nf5 13. Bxf5 exf5 14. Qxf5 Qd7 15. Qf3 Na6 16. Ne2 Nc7 17. c3 Ne6 18. Be3 0-0-0 19. Rg1 f6 20. exf6 gxf6 21. Rg6 Be7 22. Ng3 Rh7 23. Nf5 Rdh8 24. h6 Bd8 25. Bf4 Nxf4 26. Qxf4 Bc7 27. Qf3 Re8 28. Re1 Rxe1+ 29. Kxe1 Qe8+ 30. Qe3 Qxg6 31. Qe6+ Kb8 32. Ne7 Qe4+ 33. Qxe4 dxe4 34. Nf5 Bf4 0-1

[Event "Titled Tuesday intern op 19th Dec Early"]
[Site "Chess.com INT"]
[Date "2023.12.19"]
[Round "3"]
[White "Yanchenko, Roman"]
[Black "Chojnacki, Slawomir"]
[Result "1-0"]
[WhiteElo "2466"]
[BlackElo "2201"]
[PlyCount "125"]
[EventDate "2023.12.19"]
[EventType "swiss (blitz)"]
[EventRounds "11"]
[EventCountry "USA"]
[SourceTitle "CB52_2023"]
[SourceDate "2023.12.27"]
[SourceVersion "1"]
[SourceVersionDate "2023.12.27"]
[SourceQuality "1"]

1. d4 c6 2. c4 d5 3. e3 Nf6 4. Nf3 Bg4 5. Qb3 Qb6 6. Ne5 Bh5 7. c5 Qc7 8. f4 e6 9. Bd2 Nbd7 10. Bd3 Bg6 11. Nxg6 hxg6 12. Qc3 g5 13. b4 gxf4 14. exf4 a6 15. Qc1 Ng4 16. h3 f5 17. Be3 Ngf6 18. Nd2 Ne4 19. Nf3 Be7 20. 0-0 g6 21. a4 Kf7 22. Ne5+ Nxe5 23. fxe5 Kg7 24. b5 axb5 25. axb5 Bh4 26. b6 Qe7 27. Qb2 Bg5 28. Bxg5 Qxg5 29. Qc1 Qg3 30. Rf3 Qh4 31. Ra7 Rab8 32. Rf4 Qg5 33. Bxe4 dxe4 34. Rf1 Qxc1 35. Rxc1 Rhd8 36. Rd1 Rd7 37. Kf2 f4 38. g3 g5 39. h4 Kg6 40. hxg5 Kxg5 41. gxf4+ Kxf4 42. Ke2 Rbd8 43. Rf1+ Kg4 44. Rg1+ Kh4 45. Ke3 Rxd4 46. Rxb7 Rd3+ 47. Kf4 Rh8 48. Rh1+ Rh3 49. Rxh3+ Kxh3 50. Rc7 Rh4+ 51. Ke3 Kg4 52. b7 Rh3+ 53. Kxe4 Rb3 54. Rxc6 Rxb7 55. Rxe6 Rb4+ 56. Kd5 Kf5 57. Rf6+ Kg5 58. Rf1 Rb5 59. e6 Rb1 60. e7 Rxf1 61. e8Q Rd1+ 62. Kc6 Re1 63. Qxe1 1-0

[Event "Titled Tuesday intern op 21st Mar Early"]
[Site "Chess.com INT"]
[Date "2023.03.21"]
[Round "2"]
[White "Chojnacki, Slawomir"]
[Black "Urazayev, Arystanbek"]
[Result "0-1"]
[WhiteElo "2196"]
[BlackElo "2460"]
[PlyCount "62"]
[EventDate "2023.03.21"]
[EventType "swiss (blitz)"]
[EventRounds "11"]
[EventCountry "USA"]
[SourceTitle "EXT 2024"]
[Source "ChessBase"]
[SourceDate "2023.10.10"]
[SourceVersion "1"]
[SourceVersionDate "2023.10.10"]
[SourceQuality "1"]

1. d4 Nf6 2. Nf3 g6 3. c3 Bg7 4. Bg5 0-0 5. Nbd2 d6 6. e4 Nc6 7. Bc4 e5 8. dxe5 dxe5 9. 0-0 Qe8 10. Qe2 h6 11. Be3 Qe7 12. b4 b6 13. h3 Bb7 14. Rfd1 Nh5 15. Qf1 Kh7 16. a4 a5 17. Bd5 axb4 18. cxb4 Nf6 19. Bxc6 Bxc6 20. a5 Nxe4 21. Nxe4 Bxe4 22. axb6 Rxa1 23. Rxa1 cxb6 24. Qb5 Bxf3 25. gxf3 e4 26. Rd1 exf3 27. Bxb6 Qe6 28. Bc5 Qxh3 29. Qf1 Qg4+ 30. Kh1 Qh5+ 31. Kg1 Be5 0-1

[Event "Titled Tuesday intern op 08th Nov Late"]
[Site "Chess.com INT"]
[Date "2022.11.08"]
[Round "1"]
[White "Gareyev, Timur"]
[Black "Chojnacki, Slawomir"]
[Result "1-0"]
[WhiteElo "2602"]
[BlackElo "2196"]
[PlyCount "103"]
[EventDate "2022.11.08"]
[EventType "swiss (blitz)"]
[EventRounds "11"]
[EventCountry "USA"]
[SourceTitle "EXT 2024"]
[Source "ChessBase"]
[SourceDate "2023.10.10"]
[SourceVersion "1"]
[SourceVersionDate "2023.10.10"]
[SourceQuality "1"]

1. d4 c6 2. Bf4 d5 3. e3 Nf6 4. c4 Bf5 5. Qb3 Qb6 6. c5 Qxb3 7. axb3 Bxb1 8. Rxb1 Nbd7 9. b4 a6 10. h3 h6 11. Nf3 g5 12. Bh2 Bg7 13. Bd3 0-0 14. h4 g4 15. Ne5 h5 16. f3 Nxe5 17. Bxe5 Nd7 18. Bxg7 Kxg7 19. Kd2 gxf3 20. gxf3 Kh6 21. Rbg1 Rg8 22. e4 dxe4 23. fxe4 Nf6 24. Ke3 Rg4 25. Rxg4 Nxg4+ 26. Kd2 Rd8 27. Kc3 e5 28. d5 cxd5 29. exd5 Rxd5 30. Be4 Rd7 31. Rf1 Kg7 32. Rf5 Rd4 33. Bxb7 f6 34. Rxh5 Ne3 35. c6 Nd5+ 36. Kb3 Rxb4+ 37. Ka3 Rc4 38. b3 Rc5 39. Rf5 e4 40. Rxd5 Rxd5 41. c7 Rc5 42. c8Q Rxc8 43. Bxc8 a5 44. Kb2 Kh6 45. Kc3 Kh5 46. Kd4 Kxh4 47. Kxe4 Kg5 48. Kd5 Kf4 49. Kc5 Ke5 50. Kb5 f5 51. Kxa5 f4 52. Bg4 1-0

[Event "Titled Tuesday intern op 01st Nov Late"]
[Site "Chess.com INT"]
[Date "2022.11.01"]
[Round "4"]
[White "Chojnacki, Slawomir"]
[Black "Darini, Pouria"]
[Result "1-0"]
[WhiteElo "2196"]
[BlackElo "2405"]
[PlyCount "35"]
[EventDate "2022.11.01"]
[EventType "swiss (blitz)"]
[EventRounds "11"]
[EventCountry "USA"]
[SourceTitle "EXT 2024"]
[Source "ChessBase"]
[SourceDate "2023.10.10"]
[SourceVersion "1"]
[SourceVersionDate "2023.10.10"]
[SourceQuality "1"]

1. d4 Nf6 2. Nf3 e6 3. c3 b6 4. Bg5 Bb7 5. Nbd2 d5 6. Ne5 Be7 7. e3 0-0 8. Bd3 Nbd7 9. f4 Ne4 10. Bxe7 Qxe7 11. Nxe4 dxe4 12. Nxd7 exd3 13. Nxf8 Bxg2 14. Kd2 Bxh1 15. Qxh1 Rxf8 16. Kxd3 c5 17. Rg1 cxd4 18. exd4 1-0

[Event "Titled Tuesday intern op 24th May Early"]
[Site "Chess.com INT"]
[Date "2022.05.24"]
[Round "3"]
[White "Shuvalova, Polina"]
[Black "Chojnacki, Slawomir"]
[Result "1-0"]
[WhiteElo "2493"]
[BlackElo "2198"]
[PlyCount "163"]
[EventDate "2022.05.24"]
[EventType "swiss (blitz)"]
[EventRounds "11"]
[EventCountry "USA"]
[SourceTitle "EXT 2023"]
[Source "ChessBase"]
[SourceDate "2022.10.05"]
[SourceVersion "1"]
[SourceVersionDate "2022.10.05"]
[SourceQuality "1"]

1. e4 c6 2. d4 d5 3. f3 e6 4. Nc3 Nf6 5. e5 Ng8 6. f4 h5 7. Nf3 Nh6 8. Ne2 c5 9. c3 Nc6 10. Be3 Qb6 11. Qd2 Nf5 12. dxc5 Bxc5 13. Bxc5 Qxc5 14. Ned4 Nfxd4 15. Nxd4 Bd7 16. Be2 Rc8 17. Nb3 Qb6 18. Bf3 Na5 19. Nxa5 Qxa5 20. 0-0 Qc5+ 21. Kh1 g6 22. Rad1 Bc6 23. Qd4 b6 24. Kg1 Rc7 25. Rd2 Ke7 26. Re1 Rhc8 27. Kh1 Qxd4 28. Rxd4 Bb5 29. Kg1 a5 30. Kf2 Ba6 31. h3 Rh8 32. Kg3 Bc4 33. a3 a4 34. Bd1 b5 35. Kh4 Rcc8 36. Kg5 Rcf8 37. Rd2 f6+ 38. exf6+ Rxf6 39. Bc2 Rhf8 40. Rd4 Kf7 41. g4 hxg4 42. hxg4 Kg7 43. Rh1 Be2 44. Rh6 Bxg4 45. Rxg6+ Rxg6+ 46. Bxg6 Bf5 47. Bh5 Rg8 48. Rd2 Kf8+ 49. Kf6 Rh8 50. Bd1 Rh6+ 51. Ke5 Ke7 52. Rd4 Rh1 53. Rd2 Re1+ 54. Kd4 Kd6 55. Bf3 Rf1 56. Ke3 Rb1 57. Rh2 Kc5 58. Bh5 Re1+ 59. Kd2 Re4 60. Rf2 d4 61. cxd4+ Rxd4+ 62. Kc1 Rc4+ 63. Kd1 Kd4 64. Be2 Rc5 65. Rf3 Be4 66. Rh3 Rd5 67. Kd2 Kc5+ 68. Kc3 Bf5 69. Rh8 Kb6 70. Rb8+ Kc7 71. Rxb5 Rc5+ 72. Rxc5+ Kd6 73. Rc4 Kd5 74. Rd4+ Kc5 75. Rxa4 e5 76. Ra5+ Kb6 77. Rxe5 Bb1 78. b3 Kc6 79. Bd3 Kd6 80. Bxb1 Kd7 81. f5 Kd6 82. Re1 1-0

[Event "Titled Tuesday intern op 26th Apr Early"]
[Site "Chess.com INT"]
[Date "2022.04.26"]
[Round "6"]
[White "Chojnacki, Slawomir"]
[Black "Harikrishna, Pentala"]
[Result "0-1"]
[WhiteElo "2198"]
[BlackElo "2705"]
[PlyCount "70"]
[EventDate "2022.04.26"]
[EventType "swiss (blitz)"]
[EventRounds "11"]
[EventCountry "USA"]
[SourceTitle "CBM 208 Extra"]
[Source "ChessBase"]
[SourceDate "2022.07.31"]
[SourceVersion "1"]
[SourceVersionDate "2022.07.31"]
[SourceQuality "1"]

1. d4 d5 2. Nf3 Nf6 3. c3 Bf5 4. Bf4 e6 5. e3 Bd6 6. Bg3 0-0 7. Bd3 Bxd3 8. Qxd3 c5 9. 0-0 Bxg3 10. hxg3 Nbd7 11. Nbd2 Qc7 12. Rac1 Rfe8 13. c4 Qb6 14. Qb3 cxd4 15. Nxd4 Rac8 16. Qxb6 axb6 17. cxd5 Nxd5 18. Nc4 Ra8 19. a3 N7f6 20. Nd6 Red8 21. N4b5 Rd7 22. e4 Ne7 23. Rc4 h5 24. Rfc1 Nc6 25. Nxb7 Ne5 26. Rc8+ Rxc8 27. Rxc8+ Kh7 28. N7d6 Nxe4 29. f4 Nxd6 30. Nxd6 Rxd6 31. fxe5 Rd3 32. Rc3 Rxc3 33. bxc3 Kg6 34. c4 Kf5 35. a4 Kxe5 0-1

[Event "Titled Tuesday intern op 05th Apr Late"]
[Site "Chess.com INT"]
[Date "2022.04.05"]
[Round "2"]
[White "Gu, Xiaobing"]
[Black "Chojnacki, Slawomir"]
[Result "1-0"]
[WhiteElo "2219"]
[BlackElo "2198"]
[PlyCount "99"]
[EventDate "2022.04.05"]
[EventType "swiss (blitz)"]
[EventRounds "11"]
[EventCountry "USA"]
[SourceTitle "CBM 207 Extra"]
[Source "ChessBase"]
[SourceDate "2022.05.31"]
[SourceVersion "1"]
[SourceVersionDate "2022.05.31"]
[SourceQuality "1"]

1. e4 c6 2. d4 d5 3. exd5 cxd5 4. Nf3 Nc6 5. Bb5 Nf6 6. c3 Bg4 7. h3 Bxf3 8. Qxf3 e6 9. 0-0 Bd6 10. Bg5 Rc8 11. Re1 0-0 12. Nd2 h6 13. Bh4 Be7 14. Bd3 Nd7 15. Bg3 Bg5 16. Nf1 Bf6 17. Ne3 Re8 18. Ng4 Bg5 19. Re2 f5 20. Ne5 Ndxe5 21. Bxe5 Nxe5 22. Rxe5 Bf6 23. Re2 g6 24. Rae1 Kf7 25. g4 Qb6 26. gxf5 gxf5 27. Qh5+ Kg7 28. Bxf5 exf5 29. Rxe8 Rxe8 30. Qxe8 Qxb2 31. Qd7+ Kg6 32. Re8 Qc1+ 33. Kg2 Qg5+ 34. Kf1 Qc1+ 35. Kg2 Qg5+ 36. Kf1 Qc1+ 37. Re1 Qxc3 38. Qe8+ Kg7 39. Re3 Qxd4 40. Qd7+ Kg6 41. Qxb7 f4 42. Qb1+ Kg5 43. Rd3 Qe4 44. Qb5 Qh1+ 45. Ke2 Qe4+ 46. Kd1 Qh1+ 47. Kc2 Qe1 48. Rxd5+ Kg6 49. Qe8+ Kg7 50. Qxe1 1-0

[Event "Titled Tuesday intern op 22nd Feb Early"]
[Site "Chess.com INT"]
[Date "2022.02.22"]
[Round "10"]
[White "Chojnacki, Slawomir"]
[Black "Sargsyan, Anna M"]
[Result "0-1"]
[WhiteElo "2198"]
[BlackElo "2380"]
[PlyCount "92"]
[EventDate "2022.02.22"]
[EventType "swiss (blitz)"]
[EventRounds "11"]
[EventCountry "USA"]
[SourceTitle "CBM 207 Extra"]
[Source "ChessBase"]
[SourceDate "2022.05.31"]
[SourceVersion "1"]
[SourceVersionDate "2022.05.31"]
[SourceQuality "1"]

1. d4 d5 2. Nf3 Nf6 3. Bg5 Ne4 4. Bh4 f6 5. Nbd2 g5 6. Bg3 h5 7. h4 Nxg3 8. fxg3 g4 9. Ng1 e5 10. dxe5 fxe5 11. e4 Bc5 12. Nb3 Bb6 13. Qxd5 Qxd5 14. exd5 0-0 15. 0-0-0 a5 16. a4 Na6 17. Bxa6 Rxa6 18. Ne2 Bf5 19. Nc3 Bf2 20. Rhf1 Bxg3 21. Nc5 Rb6 22. N3e4 Bxh4 23. Rxf5 Rxf5 24. c4 Bf2 25. Nd3 Bd4 26. Kc2 h4 27. Rh1 Rh6 28. c5 h3 29. g3 h2 30. d6 cxd6 31. cxd6 Kf7 32. b4 axb4 33. Nxb4 Ke6 34. Kd3 Rf3+ 35. Kc4 Re3 36. Ng5+ Kd7 37. Nd5 Rxg3 38. Ne4 Rg1 39. Ndf6+ Kd8 40. Rxh2 Rxh2 41. Ng5 Rc1+ 42. Kd5 Rc5+ 43. Ke4 Re2+ 44. Kd3 e4+ 45. Ngxe4 Bxf6 46. Kxe2 Re5 0-1

[Event "Titled Tuesday intern op 22nd Feb Early"]
[Site "Chess.com INT"]
[Date "2022.02.22"]
[Round "9"]
[White "Mejia, Cherry Ann"]
[Black "Chojnacki, Slawomir"]
[Result "1/2-1/2"]
[WhiteElo "1948"]
[BlackElo "2198"]
[PlyCount "98"]
[EventDate "2022.02.22"]
[EventType "swiss (blitz)"]
[EventRounds "11"]
[EventCountry "USA"]
[SourceTitle "CBM 207 Extra"]
[Source "ChessBase"]
[SourceDate "2022.05.31"]
[SourceVersion "1"]
[SourceVersionDate "2022.05.31"]
[SourceQuality "1"]

1. e4 c6 2. d4 d5 3. Nd2 dxe4 4. Nxe4 Nf6 5. Nxf6+ gxf6 6. c3 Bf5 7. Bd3 Bg6 8. Ne2 e6 9. h4 Bd6 10. h5 Bxd3 11. Qxd3 Qc7 12. Bh6 f5 13. g3 Nd7 14. 0-0-0 0-0-0 15. c4 Qa5 16. Kb1 Rhg8 17. Bd2 Bb4 18. Qc2 Bxd2 19. Rxd2 Nf6 20. Rd3 Ne4 21. Ra3 Qd2 22. Rxa7 Qxc2+ 23. Kxc2 Nxf2 24. Rf1 Ne4 25. Rf3 Kb8 26. Rfa3 Kc7 27. c5 Rg5 28. Rb3 Rb8 29. a4 Rxh5 30. a5 Rh2 31. Kd1 Kc8 32. Rb6 Rh1+ 33. Kc2 Rh2 34. Kd1 Nf2+ 35. Ke1 Nd3+ 36. Kd2 Nc1 37. Kxc1 Rxe2 38. a6 bxa6 39. Rxc6+ Kd8 40. Rd6+ Ke8 41. Rdd7 Rbxb2 42. Re7+ Kf8 43. Rxf7+ Kg8 44. Rg7+ Kf8 45. Rgb7 Rec2+ 46. Kd1 Rd2+ 47. Kc1 Rdc2+ 48. Kd1 Rd2+ 49. Kc1 Rdc2+ 1/2-1/2

[Event "EU-ch Rapid"]
[Site "Katowice"]
[Date "2021.12.18"]
[Round "6"]
[White "Chojnacki, Slawomir"]
[Black "Durarbayli, Vasif"]
[Result "0-1"]
[WhiteElo "2198"]
[BlackElo "2615"]
[PlyCount "70"]
[EventDate "2021.12.18"]
[EventType "swiss (rapid)"]
[EventRounds "11"]
[EventCountry "POL"]
[SourceTitle "CBM 205 Extra"]
[Source "ChessBase"]
[SourceDate "2022.01.31"]
[SourceVersion "1"]
[SourceVersionDate "2022.01.31"]
[SourceQuality "1"]

1. d4 Nf6 2. Nf3 e6 3. Bf4 c5 4. c3 Nc6 5. e3 d5 6. Nbd2 Bd6 7. Bg3 0-0 8. Be2 b6 9. 0-0 Bb7 10. Rc1 Ne7 11. Bxd6 Qxd6 12. Ne5 Rfd8 13. Bd3 a6 14. f4 Nf5 15. Qe2 h5 16. Ndf3 Rf8 17. Ng5 g6 18. g3 Kg7 19. Rce1 Bc6 20. Kg2 Bb5 21. h3 h4 22. gxh4 Nxh4+ 23. Kf2 Ne4+ 24. Nxe4 dxe4 25. Bxb5 axb5 26. Qxb5 Rxa2 27. dxc5 Qxc5 28. Qb3 Rfa8 29. Re2 Nf3 30. Nxf3 exf3 31. Rd2 R2a4 32. Qd1 e5 33. Rd5 Qc4 34. Rxe5 Ra1 35. b3 R8a2+ 0-1

[Event "EU-ch Blitz"]
[Site "Katowice"]
[Date "2021.12.17"]
[Round "15"]
[White "Chojnacki, Slawomir"]
[Black "Janik, Igor"]
[Result "0-1"]
[WhiteElo "2198"]
[BlackElo "2525"]
[PlyCount "80"]
[EventDate "2021.12.17"]
[EventType "swiss (blitz)"]
[EventRounds "22"]
[EventCountry "POL"]
[SourceTitle "CBM 205 Extra"]
[Source "ChessBase"]
[SourceDate "2022.01.31"]
[SourceVersion "1"]
[SourceVersionDate "2022.01.31"]
[SourceQuality "1"]

1. d4 d6 2. Nf3 g6 3. c3 Bg7 4. Bg5 h6 5. Bh4 Nf6 6. Nbd2 Nbd7 7. e3 e5 8. Bc4 Qe7 9. Ne4 g5 10. Nxf6+ Bxf6 11. Bg3 c6 12. dxe5 dxe5 13. h4 Nb6 14. Bb3 Bg4 15. hxg5 hxg5 16. Rxh8+ Bxh8 17. Qc2 e4 18. Nd4 0-0-0 19. Ne2 f5 20. Rd1 Rxd1+ 21. Qxd1 Be5 22. Bxe5 Qxe5 23. Qd4 Nd7 24. Qxa7 Qh2 25. Be6 Qxg2 26. Bxd7+ Kxd7 27. Qxb7+ Kd6 28. Qb8+ Kd7 29. Qg3 Qh1+ 30. Qg1 Qh8 31. Nd4 c5 32. Nb3 Kc6 33. Qf1 Kb6 34. a4 Qd8 35. a5+ Ka7 36. Nd2 Qxa5 37. f3 Bxf3 38. Nxf3 Qa1+ 39. Kf2 Qxf1+ 40. Kxf1 exf3 0-1

[Event "EU-ch Blitz"]
[Site "Katowice"]
[Date "2021.12.17"]
[Round "8"]
[White "Danielyan, Vahe"]
[Black "Chojnacki, Slawomir"]
[Result "1-0"]
[WhiteElo "2332"]
[BlackElo "2198"]
[PlyCount "101"]
[EventDate "2021.12.17"]
[EventType "swiss (blitz)"]
[EventRounds "22"]
[EventCountry "POL"]
[SourceTitle "CBM 205 Extra"]
[Source "ChessBase"]
[SourceDate "2022.01.31"]
[SourceVersion "1"]
[SourceVersionDate "2022.01.31"]
[SourceQuality "1"]

1. e4 c6 2. Nc3 d5 3. Nf3 Bg4 4. h3 Bxf3 5. Qxf3 e6 6. g3 Nd7 7. Bg2 Ngf6 8. 0-0 Bb4 9. exd5 cxd5 10. Ne2 0-0 11. d4 Rc8 12. c3 Bd6 13. a4 Ne4 14. Qe3 f5 15. Nf4 Bxf4 16. Qxf4 Qc7 17. Qxc7 Rxc7 18. Bf4 Rc6 19. f3 Nd6 20. Rfe1 Kf7 21. Bf1 a6 22. Bd3 h6 23. h4 Nf6 24. Kf2 Nh5 25. Bc1 Nc4 26. b3 Na5 27. c4 Nxb3 28. Rb1 Nxc1 29. Rxb7+ Kg6 30. Rxc1 dxc4 31. Rxc4 Rfc8 32. Rxc6 Rxc6 33. Rb3 Nf6 34. a5 Nd5 35. g4 Kf6 36. gxf5 exf5 37. Rb8 g6 38. Rd8 Nb4 39. Be2 Rc2 40. Rd6+ Kg7 41. Rb6 Nc6 42. Ke3 Nxd4 43. Bxa6 Nc6 44. Bd3 Rc5 45. a6 Ne5 46. a7 f4+ 47. Kd4 Ra5 48. Ba6 Nxf3+ 49. Ke4 Nd2+ 50. Kd3 Rd5+ 51. Kc2 1-0

[Event "POL-chT 2nd League"]
[Site "Sypniewo"]
[Date "2021.09.09"]
[Round "6.7"]
[White "Chojnacki, Slawomir"]
[Black "Klepek, Witold"]
[Result "0-1"]
[WhiteElo "2150"]
[BlackElo "2103"]
[PlyCount "94"]
[EventDate "2021.09.04"]
[EventType "team-swiss"]
[EventRounds "9"]
[EventCountry "POL"]
[SourceTitle "CBM 204 Extra"]
[Source "ChessBase"]
[SourceDate "2021.11.30"]
[SourceVersion "1"]
[SourceVersionDate "2021.11.30"]
[SourceQuality "1"]
[WhiteTeam "Chroscice Victoria"]
[BlackTeam "Gliwice Politechnika Slaska"]
[WhiteTeamCountry "POL"]
[BlackTeamCountry "POL"]

1. g3 Nf6 2. Bg2 e5 3. Nf3 e4 4. Nd4 d5 5. d3 Be7 6. 0-0 0-0 7. c4 c5 8. Nb5 exd3 9. exd3 Be6 10. Bf4 Na6 11. N1c3 Qd7 12. Re1 Rfe8 13. a3 Rad8 14. b3 b6 15. Rc1 d4 16. Ne4 Nxe4 17. Bxe4 Rc8 18. Qf3 Bg4 19. Qh1 g5 20. Bd2 Nb8 21. Bb7 a6 22. Bxc8 Qxc8 23. Rxe7 Rxe7 24. Nd6 Qc6 25. Qxc6 Nxc6 26. Ne4 Ne5 27. Nf6+ Kg7 28. Nxg4 Nf3+ 29. Kg2 Nxd2 30. h4 h5 31. Nh2 g4 32. b4 a5 33. bxc5 bxc5 34. a4 Rb7 35. Nf1 Nf3 36. Nh2 Ne5 37. Nf1 Rb2 38. Rd1 Nf3 39. Nh2 Ne5 40. Nf1 Rb3 41. Rd2 Nxd3 42. Ra2 Ne1+ 43. Kh1 Nf3 44. Nd2 Nxd2 45. Rxd2 Rc3 46. Re2 Rxc4 47. Kg2 d3 0-1

[Event "POL-chT 2nd League"]
[Site "Sypniewo"]
[Date "2021.09.08"]
[Round "5.3"]
[White "Sowul, Bartosz"]
[Black "Chojnacki, Slawomir"]
[Result "0-1"]
[WhiteElo "2248"]
[BlackElo "2150"]
[PlyCount "116"]
[EventDate "2021.09.04"]
[EventType "team-swiss"]
[EventRounds "9"]
[EventCountry "POL"]
[SourceTitle "CBM 204 Extra"]
[Source "ChessBase"]
[SourceDate "2021.11.30"]
[SourceVersion "1"]
[SourceVersionDate "2021.11.30"]
[SourceQuality "1"]
[WhiteTeam "Warszawa Mogalo"]
[BlackTeam "Chroscice Victoria"]
[WhiteTeamCountry "POL"]
[BlackTeamCountry "POL"]

1. e4 b6 2. d4 Bb7 3. Nc3 Nf6 4. Bd3 e6 5. Nf3 Be7 6. 0-0 d5 7. e5 Nfd7 8. Ne2 Ba6 9. b3 Bxd3 10. Qxd3 c5 11. c4 Nc6 12. cxd5 Nb4 13. Qe4 Nxd5 14. Qg4 g6 15. Bh6 Bf8 16. Bg5 Be7 17. Bh6 Bf8 18. Bg5 Be7 19. h4 h6 20. Bd2 h5 21. Qe4 cxd4 22. Nexd4 Nc5 23. Qe2 Rc8 24. Rac1 a5 25. a3 0-0 26. b4 axb4 27. axb4 Na4 28. Nc6 Nac3 29. Nxe7+ Qxe7 30. Rxc3 Rxc3 31. Bxc3 Nxc3 32. Qc4 Nd5 33. b5 Ra8 34. Rc1 Kg7 35. g3 Qa3 36. Kg2 Ra4 37. Qc2 Qb4 38. Ng5 Qxb5 39. Qc8 Ra2 40. Rc2 Rxc2 41. Qxc2 Nb4 42. Nxe6+ fxe6 43. Qc7+ Kf8 44. Qb8+ Qe8 45. Qd6+ Qe7 46. Qxb6 Nd5 47. Qb2 Kg7 48. Qd2 Nb4 49. Kh2 Nc6 50. f4 Nd8 51. Qc3 Nf7 52. Qb3 Nh6 53. Kh3 Ng4 54. Qf3 Qd7 55. Qg2 Qd5 56. Qf1 Qd2 57. Qg1 Kh6 58. f5 gxf5 0-1

[Event "POL-chT 2nd League"]
[Site "Jastrzebia Gora"]
[Date "2019.09.15"]
[Round "9.7"]
[White "Chojnacki, Slawomir"]
[Black "Kyc, Jerzy"]
[Result "0-1"]
[WhiteElo "2218"]
[BlackElo "2309"]
[PlyCount "58"]
[EventDate "2019.09.07"]
[EventType "team-swiss"]
[EventRounds "9"]
[EventCountry "POL"]
[SourceTitle "EXT 2020"]
[Source "ChessBase"]
[SourceDate "2019.10.17"]
[SourceVersion "1"]
[SourceVersionDate "2019.10.17"]
[SourceQuality "1"]
[WhiteTeam "Chroscice Victoria"]
[BlackTeam "Sedziszow Malopolski"]
[WhiteTeamCountry "POL"]
[BlackTeamCountry "POL"]

1. d4 d5 2. Nf3 Nf6 3. Bf4 c5 4. e3 Nc6 5. dxc5 e6 6. Nbd2 Bxc5 7. Be2 0-0 8. 0-0 h6 9. h3 Qe7 10. Bh2 e5 11. c3 Bb6 12. Qa4 Bd7 13. Qh4 d4 14. Nc4 dxc3 15. Nxb6 axb6 16. bxc3 Ra3 17. Rfb1 Rfa8 18. Rxb6 Rxa2 19. Rxa2 Rxa2 20. Bf1 Ra1 21. Rxb7 Qd6 22. Nd4 Qd5 23. Nf3 Qd3 24. Bxe5 Qxf1+ 25. Kh2 Qh1+ 26. Kg3 Nxe5 27. Nxe5 Rg1 28. Nxd7 Qxg2+ 29. Kf4 Qe4# 0-1

[Event "POL-chT 2nd League"]
[Site "Jastrzebia Gora"]
[Date "2018.09.01"]
[Round "1.2"]
[White "Czerw, Dawid"]
[Black "Chojnacki, Slawomir"]
[Result "1-0"]
[WhiteElo "2263"]
[BlackElo "2237"]
[PlyCount "103"]
[EventDate "2018.09.01"]
[EventType "team-swiss"]
[EventRounds "9"]
[EventCountry "POL"]
[SourceTitle "CBM 186 Extra"]
[Source "ChessBase"]
[SourceDate "2018.08.24"]
[SourceVersion "1"]
[SourceVersionDate "2018.08.24"]
[SourceQuality "1"]
[WhiteTeam "Jastrzebie Zdroj Pionier"]
[BlackTeam "Wroclaw Polonia"]
[WhiteTeamCountry "POL"]
[BlackTeamCountry "POL"]

1. d4 d5 2. c4 c6 3. Nc3 Nf6 4. Nf3 Bf5 5. cxd5 Nxd5 6. Nd2 Bg6 7. e4 Nf6 8. Qb3 Qb6 9. f3 Nbd7 10. Nc4 Qc7 11. Be3 e6 12. Be2 Be7 13. 0-0 0-0 14. Rac1 b5 15. Nd2 a6 16. e5 Ne8 17. Nce4 Rc8 18. f4 Qb7 19. Bf3 Nc7 20. Nd6 Bxd6 21. Bxc6 Qb8 22. Bxd7 Be7 23. Bxc8 Rxc8 24. Qc3 b4 25. Qc4 Qb7 26. Qc6 Qb8 27. Ne4 Bxe4 28. Qxe4 Nd5 29. Rxc8+ Qxc8 30. f5 Qc4 31. fxe6 fxe6 32. Qf3 h6 33. Qg3 Qd3 34. Bf2 Qe2 35. Re1 Qxb2 36. Qg4 Nc7 37. d5 b3 38. axb3 h5 39. Qxh5 Nxd5 40. Qe8+ Kh7 41. Qh5+ Kg8 42. Qg4 Kf7 43. Qf3+ Ke8 44. Qd3 Bb4 45. Qg6+ Kd7 46. Qxg7+ Kc6 47. Rf1 Qxb3 48. Qf7 Nc3 49. Qe8+ Kc7 50. Ba7 Ne2+ 51. Kh1 Nf4 52. Qf7+ 1-0